000 00631nam a2200205Ii 4500
003 JO-AjNU
008 230606s9999||||xx |||||||||||||| ||und||
020 _a978-0-273-77688-8
040 _aJO-AjNU
_beng
_erda
_cJO-AjNU
041 _aeng
050 1 4 _aQA76.76,A65.D44.2013
100 3 _aDeitel,paul/Detiel,Harvey,
_eauthor
_92826
245 0 0 _aAndroid How to program with an introduction to java
264 3 1 _aNEWYORK:PERSON,2013
300 _a898p
336 _atext
_btxt
_2rdacontent
337 _aunmediated
_bn
_2rdamedia
338 _avolume
_bnc
_2rdacarrier
650 4 _a Application software -- Development. 
_92827
999 _aE1481
_c1481
_d1481